Dangerous Good Regulations
Guardat en:
| Autor corporatiu: | |
|---|---|
| Format: | Llibre |
| Idioma: | anglès |
| Publicat: |
Montreal
International Air Transport Association
1997
|
| Edició: | 38a. ed |
| Matèries: | |
| Etiquetes: |
Afegir etiqueta
Sense etiquetes, Sigues el primer a etiquetar aquest registre!
|
MARC
| LEADER | 00000nam a2200000 a 4500 | ||
|---|---|---|---|
| 001 | UCS1491 | ||
| 003 | CL-VaPUC | ||
| 008 | 970509e19970000CN |||||||||||||||||eng|d | ||
| 082 | 0 | 4 | |a 343.097 |b INT |2 21 |
| 110 | 2 | |a International Air Transport Association 1997 |e author |9 385998 | |
| 245 | 1 | 0 | |a Dangerous Good Regulations |
| 250 | |a 38a. ed | ||
| 300 | |a 700 p | ||
| 942 | |c BK | ||
| 945 | |d 19970509 00:00:00 |a amoreno | ||
| 260 | |a Montreal |b International Air Transport Association |c 1997 | ||
| 650 | 7 | |a AVIACION COMERCIAL |2 CL-VaPUC |9 260764 | |
| 650 | 7 | |a CARGA |2 CL-VaPUC |9 358706 | |
| 650 | 7 | |a TRANSPORTE |2 CL-VaPUC |9 256365 | |
| 650 | 7 | |a DERECHO |2 CL-VaPUC |9 385999 | |
| 650 | 7 | |a LEGISLACION |2 CL-VaPUC |9 386000 | |
| 650 | 7 | |a MERCANCIAS PELIGROSAS |2 CL-VaPUC |9 260783 | |
| 583 | |a last modification |c 19970509 00:00:00 |k Rodrigo Vera | ||
| 999 | |c 259565 |d 259563 | ||
| 952 | |0 0 |1 0 |4 0 |6 343_097000000000000_INT_1997 |7 0 |8 A |9 284472 |a BIBING |b BIBING |d 2019-11-19 |i 3304914 |o 343.097 INT 1997 |p 3304914 |r 2025-01-20 |w 2019-11-19 |y BK |k TRA | ||